000 00596nam a2200205Ia 4500
003 GCL
008 140319s9999 xx 000 0 ara d
040 _aGCL /
_cGCL
082 0 4 _aط
_b925
_bم ع
100 1 _aمحمد فتحى صبرى
245 1 0 _aشهيد كربلاء الحسين بن على /
_cمحمد فتحى صبرى
260 _a[S.N] :
_bدار الفكر العربى
300 _a48 ص
490 _aالعظماء
_v0
650 0 4 _aالعلماء
650 0 4 _aالاطفال
650 0 4 _aالعلوم
650 0 4 _aالعلماء المسلمون
942 _2ddc
_cBK
999 _c56849
_d56849